000
00291nam a2200109Ia 4500
008
200619s9999 xx 000 0 und d
082
_a
305.56BAN
100
_a
Bandyopadhyay Sekhar
245
4
_a
The Namsudra Movement
942
_c
IR
999
_c
119863
_d
119863